| 000 | 00379nam a2200157Ia 4500 | ||
|---|---|---|---|
| 008 | 210210b2006 xxu||||| |||| 00| 0 eng d | ||
| 082 | _a658 HINH | ||
| 100 | _aHINDU. | ||
| 245 | _aHindu speaks on management. Vol.2. Ed.7. | ||
| 250 | _a | ||
| 260 |
_aChennai _bKasturi and Sons Limited _c2006 |
||
| 300 | _avii,346 | ||
| 440 | _a2 | ||
| 690 | _aManagement | ||
| 906 | _a061061 | ||
| 999 |
_c108016 _d108016 |
||